Dans quels clubs a joué Romain Hamouma ? - Statistiques

Statistiques générales
  • Ce quiz a été pris 14 fois
  • Le résultat moyen est 2 sur 5
Statistiques - réponses
Pays Années Clubs % Correct
France 2012-2022 AS Saint-Etienne
100%
France 2010-2012 SM Caen
50%
France 2022-2023 AC Ajaccio
43%
France 2009-2010 Stade Lavallois
21%
France 2005-2009 Racing Besançon
7%
Aucun quiz correspondant
Distribution des résultats
% des personnes avec chaque résultat
Percentile par nombre de réponses
Votre historique - résultats
Vous n’avez pas pris ce quiz